Statistics for 2011 NHL Entry Draft 1st Round Selections

Click here to take the quiz!

General Stats

  • This quiz has been taken 204 times
  • The average score is 12 of 30

Answer Stats

PickPlayerJunior TeamNHL Team% Correct
1Ryan Nugent-HopkinsRed Deer RebelsEdmonton Oilers
100%
3Jonathan HuberdeauSaint John Sea DogsFlorida Panthers
97%
2Gabriel LandeskogKitchener RangersColorado Avalanche
91%
4Adam LarssonSkelleftea AIKNew Jersey Devils
68%
7Mark ScheifeleBarrie ColtsWinnipeg Jets
68%
8Sean CouturierDrummondville VoltigeursPhiladelphia Flyers
59%
6Mika ZibanejadDjurgardens IFOttawa Senators
53%
9Dougie HamiltonNiagara IceDogsBoston Bruins
50%
5Ryan StromeNiagara IceDogsNew York Islanders
49%
10Jonas BrodinFarjestad BKMinnesota Wild
44%
19Oscar KlefbomFarjestad BKEdmonton Oilers
43%
30Rickard RakellPlymouth WhalersAnaheim Ducks
40%
16Joel ArmiaAssatBuffalo Sabres
37%
11Duncan SiemensSaskatoon BladesColorado Avalanche
35%
17Nathan BeaulieuSaint John Sea DogsMontreal Canadiens
35%
22Tyler BiggsUSNTDPToronto Maple Leafs
34%
20Connor MurphyUSNTDPPhoenix Coyotes
32%
14Jamie OleksiakNortheastern UniversityDallas Stars
32%
26Phillip DanaultVictoriaville TigresChicago Blackhawks
32%
12Ryan MurphyKitchener RangersCarolina Hurricanes
32%
15JT MillerUSNTDPNew York Rangers
29%
13Sven BaertschiPortland WinterhawksCalgary Flames
26%
23Joe MorrowPortland WinterhawksPittsburgh Penguins
24%
27Vladislav NamestnikovLondon KnightsTampa Bay Lightning
22%
28Zack PhillipsSaint John Sea DogsMinnesota Wild
22%
25Stuart PercyMississauga St. Michael's MajorsToronto Maple Leafs
21%
24Matt PuempelPeterborough PetesOttawa Senators
19%
29Nicklas JensenOshawa GeneralsVancouver Canucks
19%
21Stefan NoesenPlymouth WhalersOttawa Senators
16%
18Mark McNeillPrince Albert RaidersChicago Blackhawks
15%

Score Distribution

Percentile by Number Answered

Percent of People with Each Score

Your Score History

You have not taken this quiz